000 00427nam a2200169Ia 4500
008 221030s9999 xx 000 0 und d
020 _a8188057053
041 _aEnglish
082 _a105.23
_bKak
100 _aO. G. Kakde
245 0 _aData Structures & Algorithms
_cby O. G. Kakde, U. A. Deshpande
260 _bISTE
_aNew Delhi
_c2001
300 _a8.51
650 _aBE Computer
700 _aU. A. Deshpande
942 _cBK
999 _c390
_d390